Bahaya Sikap Was-Was
| Main Author: | |
|---|---|
| Format: | Book |
| Published: |
Kuala Lumpur :
Pustaka Syuhada ,
1998
|
| Subjects: |
MARC
| LEADER | 00000cam a2200000 7i4500 | ||
|---|---|---|---|
| 001 | 0000009539 | ||
| 005 | 20120922.0 | ||
| 008 | 120921 bm | ||
| 020 | |a 9839062751 | ||
| 090 | 0 | 0 | |a 297.2 IBN |
| 100 | 1 | |a Ibnu Qoyyim Al-Jauzi | |
| 245 | 1 | 0 | |a Bahaya Sikap Was-Was |c Ibn Qoyyim Al-Jauzi |
| 260 | |a Kuala Lumpur : |b Pustaka Syuhada , |c 1998 | ||
| 300 | |a vi, 164p. ; |c 22 cm. | ||
| 650 | 0 | 0 | |a Islamic Ethics |
| 999 | |a 106577 |b Buku |c Rak Terbuka |e Perpustakaan Cawangan Jasin | ||
| 999 | |a 106579 |b Buku |c Rak Terbuka |e Perpustakaan Cawangan Masjid Tanah | ||